Normal view
MARC view
Entry Personal Name
001 - CONTROL NUMBER
- control field: 44513
003 - CONTROL NUMBER IDENTIFIER
- control field: OSt
005 - DATE AND TIME OF LATEST TRANSACTION
- control field: 20160310134556.0
008 - FIXED-LENGTH DATA ELEMENTS
- fixed length control field: 160310|| aca||aabn | a|a d
040 ## - CATALOGING SOURCE
- Original cataloging agency: OSt
- Transcribing agency: OSt
100 ## - HEADING--PERSONAL NAME
- Personal name: भारती दत्त
670 ## - SOURCE DATA FOUND
- Source citation: Work cat.: (OSt)26789: भारती दत्त , मंगल सूत्र , 1980









